[Event "Ann Arbor (MI Inv Pre/4)"]
[Site "?"]
[Date "1991.??.??"]
[Round "?"]
[White "O'Donnell, Robert"]
[Black "Basin, Leonid"]
[Result "1/2-1/2"]
[WhiteElo "2290"]
[BlackElo "2460"]
[PlyCount "27"]
[EventDate "1991.??.??"]

1. d4 Nf6 2. c4 e6 3. Nf3 b6 4. g3 Bb4+ 5. Bd2 a5 6. Bg2 Ba6 7. b3 O-O 8. O-O
c5 9. Nc3 d5 10. cxd5 exd5 11. a3 Bxc3 12. Bxc3 Nbd7 13. Re1 Re8 14. Rc1
1/2-1/2

[Event "Flint (MEX/2)"]
[Site "?"]
[Date "1991.??.??"]
[Round "?"]
[White "Noren, Kevin"]
[Black "Wright, William"]
[Result "1/2-1/2"]
[WhiteElo "2305"]
[BlackElo "2095"]
[PlyCount "101"]
[EventDate "1991.??.??"]

1. d4 Nf6 2. Nf3 d5 3. c4 e6 4. Nc3 c6 5. cxd5 exd5 6. Bg5 Be7 7. e3 Bf5 8. Bd3
Bxd3 9. Qxd3 Nbd7 10. O-O O-O 11. Nd2 Re8 12. Rab1 Nf8 13. b4 a6 14. a4 h6 15.
Bxf6 Bxf6 16. b5 axb5 17. axb5 Ne6 18. bxc6 bxc6 19. Rfc1 Qd6 20. Rb6 Reb8 21.
Nb5 Qb4 22. Rb1 Qxb1+ 23. Nxb1 Rxb6 24. N5a3 Be7 25. g3 Ng5 26. h4 Ne4 27. f3
Nd2 28. Qxd2 Bxa3 29. Nxa3 Rxa3 30. Kg2 Rbb3 31. Qc2 Rc3 32. Qf5 g6 33. Qc8+
Kg7 34. g4 Ra2+ 35. Kg3 Re2 36. g5 hxg5 37. h5 gxh5 38. Qf5 h4+ 39. Kh3 Rexe3
40. Qxg5+ Kf8 41. Kxh4 Ke8 42. Qg8+ Ke7 43. Qg5+ f6 44. Qg7+ Ke8 45. Qg8+ Kd7
46. Qf7+ Kc8 47. Qa7 Rxf3 48. Qa8+ Kd7 49. Qb7+ Ke6 50. Qc8+ Kf7 51. Qd7+
1/2-1/2

[Event "Ann Arbor (MI Inv Pre/3)"]
[Site "?"]
[Date "1991.??.??"]
[Round "?"]
[White "Noren, Kevin"]
[Black "Poschel, Paul"]
[Result "1-0"]
[WhiteElo "2285"]
[BlackElo "2325"]
[PlyCount "77"]
[EventDate "1991.??.??"]

1. e4 c5 2. Nf3 e6 3. d4 cxd4 4. Nxd4 Nf6 5. Nc3 Nc6 6. Ndb5 Bb4 7. a3 Bxc3+ 8.
Nxc3 d5 9. exd5 exd5 10. Bd3 O-O 11. O-O h6 12. Bf4 d4 13. Nb5 Nd5 14. Qf3 Be6
15. Rad1 Qd7 16. h3 Rad8 17. Bh2 Qe7 18. Qg3 a6 19. Nd6 f5 20. Nc4 Qf6 21. Rfe1
Nde7 22. Nb6 Kh8 23. Qc7 Ng6 24. Qxb7 Nce5 25. Bxe5 Nxe5 26. Qc7 Nxd3 27. cxd3
Bb3 28. Rc1 Rfe8 29. Nc4 Bxc4 30. Qxc4 Qd6 31. Qf7 Rf8 32. Qe7 Qg6 33. Re6 Qh7
34. f4 a5 35. Rc7 Qg8 36. Rec6 Qh7 37. Qc5 a4 38. Qe5 Kg8 39. Re6 $138 1-0

[Event "Ann Arbor (MI Inv Pre/2)"]
[Site "?"]
[Date "1991.??.??"]
[Round "?"]
[White "Noren, Kevin"]
[Black "Basin, Leonid"]
[Result "0-1"]
[WhiteElo "2285"]
[BlackElo "2460"]
[PlyCount "100"]
[EventDate "1991.??.??"]

1. d4 Nf6 2. c4 g6 3. Nc3 Bg7 4. e4 O-O 5. Nf3 d6 6. Be2 Nbd7 7. O-O e5 8. Re1
Re8 9. d5 Nc5 10. Qc2 a5 11. Bg5 h6 12. Bh4 Qd7 13. Nd2 Nh7 14. f3 f5 15. Bf2
Nf6 16. Bf1 b6 17. b3 Qf7 18. a3 fxe4 19. Ndxe4 Rf8 20. Bxc5 bxc5 21. Bd3 Nxe4
22. Bxe4 Bf5 23. Rf1 Qe7 24. Rab1 Qg5 25. Qc1 Bf6 26. Rb2 Qf4 27. g3 Qxc1 28.
Rxc1 Bg5 29. Re1 Bxe4 30. fxe4 Rf3 31. Nb5 Raf8 32. Kg2 Bd8 33. Ree2 h5 34. Na7
Rd3 35. Rf2 Rxf2+ 36. Kxf2 Bg5 37. a4 Bc1 38. Rb1 Rc3 39. Ke2 Bh6 40. Rb2 Re3+
41. Kf2 Rxe4 42. Nc6 h4 43. Nxa5 Re3 44. Nc6 e4 45. a5 h3 46. a6 Rf3+ 47. Ke2
Re3+ 48. Kd1 Rf3 49. a7 Rf1+ 50. Kc2 Rc1# 0-1

[Event "East Lansing (MOR/2)"]
[Site "?"]
[Date "1991.??.??"]
[Round "?"]
[White "Nixon, Peter"]
[Black "Krzyston, Joe"]
[Result "1-0"]
[WhiteElo "1605"]
[BlackElo "1605"]
[PlyCount "79"]
[EventDate "1991.??.??"]

1. d4 g6 2. c4 Bg7 3. e4 d6 4. Nf3 Nf6 5. Nc3 Bg4 6. h3 Bxf3 7. Qxf3 O-O 8. e5
Nh5 9. Qxb7 Nd7 10. g4 Rb8 11. Qxa7 Ng3 12. fxg3 dxe5 13. d5 f5 14. g5 f4 15.
gxf4 exf4 16. Rh2 Be5 17. Ne4 f3 18. Rf2 Re8 19. Qa3 e6 20. dxe6 Rxe6 21. Qxf3
Qe7 22. Kd1 Rf8 23. Qe2 Bg7 24. Rxf8+ Nxf8 25. Bg2 Qd7+ 26. Qd2 Qe7 27. Qc2 Re5
28. Be3 Ne6 29. h4 Qd7+ 30. Qd2 Qa4+ 31. Qc2 Qd7+ 32. Ke2 Nd8 33. Rd1 Qc8 34.
Bd4 Re8 35. Bxg7 Kxg7 36. Qc3+ Kf8 37. Rf1+ Nf7 38. Qh8+ Ke7 39. Qf6+ Kd7 40.
Bh3+ 1-0

[Event "East Lansing (MOR/6)"]
[Site "?"]
[Date "1991.??.??"]
[Round "?"]
[White "Nixon, Peter"]
[Black "Hayes, Tim"]
[Result "0-1"]
[WhiteElo "1605"]
[BlackElo "1605"]
[PlyCount "48"]
[EventDate "1991.??.??"]

1. d4 Nf6 2. c4 g6 3. Nc3 Bg7 4. e4 d6 5. Nf3 O-O 6. h3 e5 7. d5 Ne8 8. Bd3 f5
9. O-O f4 10. Kh2 g5 11. g4 Rf6 12. Be2 a5 13. Qd3 Nd7 14. Nxg5 Nc5 15. Qf3 Rh6
16. Ne6 Bxe6 17. dxe6 Nxe6 18. Qd3 c6 19. Kg2 Qf6 20. Rh1 N8c7 21. b3 Nd4 22.
Bb2 Nce6 23. Na4 f3+ 24. Bxf3 Nf4+ 0-1

[Event "East Lansing (MOR/4)"]
[Site "?"]
[Date "1991.??.??"]
[Round "?"]
[White "Nixon, Peter"]
[Black "Aydar, A."]
[Result "1-0"]
[WhiteElo "1605"]
[BlackElo "1605"]
[PlyCount "63"]
[EventDate "1991.??.??"]

1. d4 Nf6 2. c4 d6 3. Nc3 Bf5 4. Nf3 g6 5. e3 Nbd7 6. Bd3 e5 7. Bxf5 gxf5 8.
O-O e4 9. Nd2 Ng4 10. h3 Nh6 11. f3 Qg5 12. Qe2 exf3 13. Nxf3 Qh5 14. Nd5 Qg6
15. Nxc7+ Kd8 16. Nxa8 Rg8 17. b4 Kc8 18. e4 Be7 19. Bxh6 fxe4 20. Ne1 Qxh6 21.
Rxf7 Bf6 22. Rd1 Qg6 23. Rxf6 Nxf6 24. c5 Kb8 25. c6 Kxa8 26. c7 Rc8 27. Rc1
Ne8 28. Qc2 Nxc7 29. g4 h5 30. Qg2 hxg4 31. Qxg4 Qh6 32. Qxc8# 1-0

[Event "East Lansing (MOR/3)"]
[Site "?"]
[Date "1991.??.??"]
[Round "?"]
[White "Nimylowych, W."]
[Black "Stark, Jay"]
[Result "1/2-1/2"]
[WhiteElo "1705"]
[BlackElo "1605"]
[PlyCount "74"]
[EventDate "1991.??.??"]

1. c4 Nf6 2. e3 g6 3. Nf3 Bg7 4. d3 b6 5. Be2 Bb7 6. Nbd2 O-O 7. O-O c5 8. a3
Nc6 9. Rb1 a5 10. b3 d5 11. Bb2 Ne8 12. Bxg7 Nxg7 13. Ne1 d4 14. e4 e5 15. f4
exf4 16. Rxf4 Ne6 17. Rf2 Qd6 18. Nf1 Nf4 19. Rb2 Nxe2+ 20. Qxe2 Ne5 21. h3 Bc8
22. Nh2 f5 23. exf5 Rxf5 24. Nef3 Bb7 25. Qd1 Bxf3 26. Nxf3 Nxf3+ 27. Rxf3 Rxf3
28. Qxf3 Re8 29. Rf2 Re1+ 30. Rf1 Rxf1+ 31. Kxf1 Kg7 32. Ke2 Qe5+ 33. Kd2 Qg5+
34. Kc2 Qf6 35. Qg3 Qf1 36. Qg4 Qf2+ 37. Kc1 Qe3+ 1/2-1/2

[Event "East Lansing (MOR/7)"]
[Site "?"]
[Date "1991.??.??"]
[Round "?"]
[White "Nimylowych, W."]
[Black "Smith, Robert"]
[Result "0-1"]
[WhiteElo "1705"]
[BlackElo "1695"]
[PlyCount "103"]
[EventDate "1991.??.??"]

1. d4 Nf6 2. e3 d5 3. b4 a5 4. c3 axb4 5. cxb4 Bd7 6. Nc3 e6 7. Rb1 Nc6 8. a3
Na7 9. Nf3 b5 10. Bd3 Rb8 11. Qc2 Be7 12. Ne5 Bc8 13. O-O Nd7 14. Ne2 Nxe5 15.
dxe5 Bd7 16. Bb2 c5 17. bxc5 Rc8 18. Qd1 Bxc5 19. Nd4 g6 20. Qe2 b4 21. axb4
Bxb4 22. Ba1 Be7 23. Nb5 Nc6 24. f4 Nb4 25. Rfc1 Nxd3 26. Rxc8 Qxc8 27. Qxd3
O-O 28. Nd4 Qa8 29. Bc3 Rc8 30. Ra1 Qb8 31. Rb1 Qc7 32. Bb4 Bxb4 33. Rxb4 Qa5
34. Qb1 Qa3 35. Rb3 Rc1+ 36. Kf2 Qc5 37. Qb2 Ba4 38. Rb4 Bd1 39. Kg3 Rc3 40.
Rb8+ Kg7 41. Qd2 Ba4 42. Rb7 Qc4 43. Nxe6+ Kh6 44. Rc7 Bc6 45. Nd4 Rd3 46. Qf2
Qxd4 47. Rxc6 Rxe3+ 48. Kg4 Qd1+ 49. Qf3 Rxf3 50. gxf3 Qg1+ 51. Kh3 Qf2 52. Kg4
0-1

[Event "East Lansing (MOR/1)"]
[Site "?"]
[Date "1991.??.??"]
[Round "?"]
[White "Nimylowych, W."]
[Black "Davis, Ralph"]
[Result "1/2-1/2"]
[WhiteElo "1705"]
[BlackElo "1605"]
[PlyCount "78"]
[EventDate "1991.??.??"]

1. d4 Nf6 2. a3 e6 3. e3 c5 4. c3 b6 5. Nd2 Bb7 6. Ngf3 Be7 7. b4 O-O 8. Rb1
Qc7 9. Be2 Ne4 10. Bb2 Nxd2 11. Qxd2 d5 12. O-O Nd7 13. Bc1 Nf6 14. Ne5 Bd6 15.
f4 Ne4 16. Qe1 f6 17. Nf3 f5 18. Rb2 c4 19. Rc2 b5 20. Ne5 a5 21. Bf3 Nf6 22.
Qd1 Bc6 23. Nxc6 Qxc6 24. Qe2 axb4 25. cxb4 Ra7 26. g4 fxg4 27. Bxg4 Nxg4 28.
Qxg4 Rf6 29. Kh1 Qe8 30. Rg2 Re7 31. Qf3 Rg6 32. Rfg1 Rxg2 33. Rxg2 Rf7 34. Rg5
Rf5 35. Rxf5 exf5 36. Qxd5+ Kh8 37. Qxd6 h6 38. Qd5 Qh5 39. Qg2 Qd1+ 1/2-1/2

[Event "East Lansing (MOR/7)"]
[Site "?"]
[Date "1991.??.??"]
[Round "?"]
[White "Nikitin, Mike"]
[Black "Rosebrook, G."]
[Result "1/2-1/2"]
[WhiteElo "1630"]
[BlackElo "1605"]
[PlyCount "65"]
[EventDate "1991.??.??"]

1. d4 Nf6 2. Nc3 e6 3. Nf3 Be7 4. e4 c6 5. Bd3 d6 6. O-O Qc7 7. Re1 b5 8. a3
Nbd7 9. Bf4 Bb7 10. e5 Nd5 11. Nxd5 cxd5 12. exd6 Bxd6 13. Bxd6 Qxd6 14. Bxb5
O-O 15. Qd3 Nf6 16. Ne5 a6 17. Ba4 a5 18. c3 Ra7 19. Bc2 Ba6 20. Qh3 Rc7 21.
Ng4 Ne4 22. Bxe4 dxe4 23. Rxe4 f5 24. Ree1 fxg4 25. Qxg4 Bc8 26. Qg3 Qb6 27. b4
axb4 28. axb4 Bb7 29. Rxe6 Qxe6 30. Qxc7 Qe4 31. Qg3 h6 32. h3 Kh7 33. Ra5
1/2-1/2

[Event "East Lansing (MOR/1)"]
[Site "?"]
[Date "1991.??.??"]
[Round "?"]
[White "Nikitin, Mike"]
[Black "Mitchell, Dave"]
[Result "1/2-1/2"]
[WhiteElo "1630"]
[BlackElo "1605"]
[PlyCount "76"]
[EventDate "1991.??.??"]

1. Nf3 d5 2. d4 c6 3. Bf4 Bf5 4. e3 e6 5. c4 Nf6 6. Nc3 Bb4 7. a3 Bxc3+ 8. bxc3
Nbd7 9. Be2 Ne4 10. Qb3 Qa5 11. Rc1 Qb6 12. Qb4 a5 13. Qxb6 Nxb6 14. cxd5 cxd5
15. Bb5+ Ke7 16. Nd2 Nxd2 17. Kxd2 Rhc8 18. Ra1 Nc4+ 19. Ke2 a4 20. Ra2 Ra5 21.
Bxc4 Rxc4 22. Rb2 Rxc3 23. Rxb7+ Kf6 24. Be5+ Kg6 25. h4 h5 26. Ra1 Rb3 27. Rb8
Rab5 28. Ra8 Rb2+ 29. Kf3 Be4+ 30. Kg3 Re2 31. Rxa4 Rbb2 32. Rb4 Rbd2 33. Rf1
Kf5 34. Bxg7 Ra2 35. Rb3 Bc2 36. Rc3 Rd2 37. f3 Rd3 38. e4+ dxe4 1/2-1/2

[Event "East Lansing (MOR/5)"]
[Site "?"]
[Date "1991.??.??"]
[Round "?"]
[White "Nikitin, Mike"]
[Black "Davis, Ralph"]
[Result "1-0"]
[WhiteElo "1605"]
[BlackElo "1605"]
[PlyCount "83"]
[EventDate "1991.??.??"]

1. d4 Nf6 2. Nc3 e6 3. Bg5 Bb4 4. e3 O-O 5. Nf3 Nc6 6. a3 Bxc3+ 7. bxc3 d6 8.
Bd3 h6 9. Bh4 Kh8 10. O-O g5 11. Nxg5 hxg5 12. Bxg5 Rg8 13. h4 Bd7 14. Qf3 Rxg5
15. hxg5 Nh7 16. Qxf7 Qg8 17. Qxd7 Rf8 18. Qxh7+ Qxh7 19. Bxh7 Kxh7 20. f4 Kg6
21. Kf2 Ne7 22. Ke2 Nf5 23. Kd3 d5 24. Rh1 b6 25. Rh3 c5 26. Rah1 c4+ 27. Kd2
Nd6 28. Rh6+ Kf5 29. Rf6+ Rxf6 30. gxf6 Ne4+ 31. Ke1 Kxf6 32. g4 Nxc3 33. Rh6+
Kf7 34. Rh7+ Kf6 35. Rxa7 b5 36. Ra6 Ne4 37. Rb6 Nc3 38. f5 Ne4 39. Rxe6+ Kg5
40. Rxe4 dxe4 41. d5 Kf6 42. d6 1-0

[Event "East Lansing (MOR/3)"]
[Site "?"]
[Date "1991.??.??"]
[Round "?"]
[White "Nikitin, Mike"]
[Black "Conway, M."]
[Result "0-1"]
[WhiteElo "1630"]
[BlackElo "1750"]
[PlyCount "58"]
[EventDate "1991.??.??"]

1. d4 Nf6 2. Nc3 g6 3. Bg5 Bg7 4. Nf3 d6 5. e4 c6 6. Be2 b5 7. a3 O-O 8. Qd2
Re8 9. O-O-O a5 10. Bd3 b4 11. Nb1 Qb6 12. a4 Bd7 13. b3 Na6 14. Bh6 Bh8 15. h3
c5 16. e5 Nd5 17. Bxa6 Nc3 18. Nxc3 bxc3 19. Qxc3 Qxa6 20. dxc5 Rac8 21. Qd3
Qb7 22. exd6 e5 23. Qd5 Qb4 24. Qc4 Qa3+ 25. Kd2 Rxc5 26. Qe2 Qb4+ 27. Kc1 Qxb3
28. Rd3 Qxa4 29. Rb3 Qxb3 0-1

[Event "East Lansing (MOR/3)"]
[Site "?"]
[Date "1991.??.??"]
[Round "?"]
[White "Nicolli, Randy"]
[Black "Neely, Richard"]
[Result "1/2-1/2"]
[WhiteElo "1605"]
[BlackElo "1605"]
[PlyCount "78"]
[EventDate "1991.??.??"]

1. f4 b6 2. b3 Bb7 3. Bb2 Nf6 4. e3 e6 5. Nf3 d5 6. Be2 Nbd7 7. Nc3 Qe7 8. O-O
O-O-O 9. Bd3 Kb8 10. Qe2 Nc5 11. a4 Nxd3 12. cxd3 Ba6 13. Ne5 Bb7 14. a5 Nd7
15. axb6 cxb6 16. Ra2 Nxe5 17. fxe5 a6 18. Na4 b5 19. Nc5 Qxc5 20. d4 Qc7 21.
Bc3 Rd7 22. Rc1 Qd8 23. Ba5 Qe7 24. Rac2 f6 25. d3 fxe5 26. dxe5 g6 27. d4 h5
28. Rc3 Rh7 29. Qc2 Qe8 30. Bb6 Bb4 31. Rd3 Qf7 32. Bc5 Rc7 33. Rf1 Qd7 34.
Rf8+ Bc8 35. Qa2 Bxc5 36. dxc5 Rf7 37. Rxf7 Qxf7 38. Qa5 Rc6 39. e4 Qc7 1/2-1/2

[Event "East Lansing (MOR/6)"]
[Site "?"]
[Date "1991.??.??"]
[Round "?"]
[White "Nicolli, Randy"]
[Black "Brotherton, D."]
[Result "1-0"]
[WhiteElo "1605"]
[BlackElo "1605"]
[PlyCount "63"]
[EventDate "1991.??.??"]

1. f4 d5 2. e3 Nf6 3. Nf3 Bg4 4. Be2 e6 5. O-O Bd6 6. Ne5 Bxe2 7. Qxe2 Nbd7 8.
d4 Bxe5 9. fxe5 Ne4 10. Nd2 f5 11. c4 c6 12. Nxe4 dxe4 13. b3 a6 14. Ba3 Nb6
15. Rf2 Qd7 16. Bc5 Nc8 17. Raf1 b6 18. Ba3 Qc7 19. g4 g6 20. gxf5 gxf5 21. Rg2
Qf7 22. Rff2 Ne7 23. Bxe7 Kxe7 24. Qe1 b5 25. Qb4+ Kd8 26. Qd6+ Qd7 27. Qxd7+
Kxd7 28. Rg7+ Kd8 29. Rfg2 a5 30. c5 a4 31. Rg8+ Kd7 32. R2g7# 1-0

[Event "East Lansing (MOR/1)"]
[Site "?"]
[Date "1991.??.??"]
[Round "?"]
[White "Nicolli, Randy"]
[Black "Benjamin, H."]
[Result "0-1"]
[WhiteElo "1605"]
[BlackElo "1615"]
[PlyCount "80"]
[EventDate "1991.??.??"]

1. f4 Nf6 2. d3 d5 3. g3 b6 4. Bg2 Bb7 5. Nf3 e6 6. O-O c5 7. Qe1 Nc6 8. e4
dxe4 9. dxe4 Be7 10. Nc3 Ba6 11. Rf2 Qc7 12. Be3 Ng4 13. Rd2 Nxe3 14. Qxe3 O-O
15. e5 Rad8 16. Rad1 Nd4 17. Ne4 Nf5 18. Qe1 Rxd2 19. Rxd2 Rd8 20. Rf2 Bc4 21.
b3 Bd5 22. c4 Bb7 23. Neg5 h6 24. Nh3 Nd4 25. Nd2 Bxg2 26. Kxg2 b5 27. Ng1 Qc6+
28. Kh3 b4 29. Nf1 g6 30. g4 Kg7 31. Ne3 Rh8 32. f5 Bg5 33. f6+ Kg8 34. Kg3 h5
35. h4 Bxe3 36. Qxe3 hxg4 37. Qf4 Nf5+ 38. Kh2 Rxh4+ 39. Nh3 Rxh3+ 40. Kg1 Qh1#
0-1

[Event "East Lansing (MOR/1)"]
[Site "?"]
[Date "1991.??.??"]
[Round "?"]
[White "Neff, M."]
[Black "Idzikowski, T."]
[Result "1-0"]
[WhiteElo "1700"]
[BlackElo "1605"]
[PlyCount "77"]
[EventDate "1991.??.??"]

1. d4 d5 2. e3 e5 3. dxe5 Nc6 4. Bb5 Bc5 5. Ne2 Nge7 6. Nbc3 Be6 7. Nf4 O-O 8.
Bxc6 bxc6 9. Nd3 Bb6 10. O-O a6 11. Na4 Ng6 12. c3 f6 13. exf6 Qxf6 14. b3 Rad8
15. Bb2 Nh4 16. Nf4 Bf5 17. Qe2 Qg5 18. Nxb6 Bh3 19. f3 Bxg2 20. Nxg2 Nxg2 21.
Kh1 Nxe3 22. Rg1 Qf4 23. c4 d4 24. Na4 Rf7 25. Rg3 Nf5 26. Rg4 d3 27. Qxd3 Rxd3
28. Rxf4 g6 29. Re1 Rfd7 30. Rfe4 Rd2 31. Re8+ Kf7 32. Rh8 h5 33. Ree8 Rd1+ 34.
Kg2 Nd4 35. Ref8+ Kg7 36. Nc5 Rf7 37. Ne6+ Kf6 38. Bxd4+ Rxd4 39. Nxd4 1-0

[Event "East Lansing (MOR/3)"]
[Site "?"]
[Date "1991.??.??"]
[Round "?"]
[White "Neff, M."]
[Black "Cooper, Willie"]
[Result "1-0"]
[WhiteElo "1700"]
[BlackElo "1605"]
[PlyCount "97"]
[EventDate "1991.??.??"]

1. d4 d5 2. e3 Nc6 3. Nf3 Nf6 4. c4 e6 5. Nc3 Bb4 6. Bd2 Bxc3 7. Bxc3 Ne4 8.
Bd3 O-O 9. Qc2 f5 10. O-O b6 11. cxd5 Qxd5 12. Nd2 Nxc3 13. bxc3 Ne7 14. f3 Bb7
15. e4 Qd7 16. Rfe1 g6 17. Qb3 Kh8 18. Bc4 Bc8 19. Re2 f4 20. Rd1 g5 21. Nf1
Ng6 22. e5 c6 23. h3 Nh4 24. Nh2 h5 25. Bd3 Qf7 26. Be4 Bb7 27. c4 Rad8 28.
Red2 Nf5 29. Nf1 Rd7 30. Qc3 Rfd8 31. Qb2 Ng3 32. d5 cxd5 33. cxd5 Nxe4 34.
fxe4 Kh7 35. d6 Bxe4 36. Rc1 f3 37. Ne3 Qf4 38. Qd4 g4 39. hxg4 hxg4 40. Rc4 g3
41. gxf3 Qxf3 42. Qxe4+ Qxe4 43. Rxe4 Kh6 44. Rc4 b5 45. Rc6 Rg8 46. Rdc2 a5
47. Rc7 Rgg7 48. Rxd7 Rxd7 49. Rc7 1-0

[Event "East Lansing (MOR/5)"]
[Site "?"]
[Date "1991.??.??"]
[Round "?"]
[White "Neff, M."]
[Black "Brewer, R."]
[Result "1-0"]
[WhiteElo "1700"]
[BlackElo "1605"]
[PlyCount "59"]
[EventDate "1991.??.??"]

1. d4 d5 2. e3 Bf5 3. c4 c6 4. Nc3 Nf6 5. Nf3 Nbd7 6. Qb3 Qb6 7. Qa4 h6 8. cxd5
cxd5 9. Bb5 a6 10. Ne5 Rd8 11. Be2 e6 12. a3 Bd6 13. f4 O-O 14. O-O Bxe5 15.
fxe5 Nh7 16. Nxd5 exd5 17. Rxf5 Qg6 18. Bd3 b5 19. Qc2 Qe6 20. Bd2 Rc8 21. Bc3
Ng5 22. h4 g6 23. Rf4 Nh3+ 24. gxh3 Qxh3 25. Qf2 h5 26. Rf3 Qg4+ 27. Qg3 Qe6
28. Raf1 f5 29. exf6 Nxf6 30. Qxg6+ 1-0

[Event "East Lansing (MOR/2)"]
[Site "?"]
[Date "1991.??.??"]
[Round "?"]
[White "Neely, Richard"]
[Black "Wolak, K."]
[Result "0-1"]
[WhiteElo "1605"]
[BlackElo "1605"]
[PlyCount "108"]
[EventDate "1991.??.??"]

1. Nf3 g6 2. d4 d5 3. g3 Bg4 4. Bg2 Nc6 5. O-O Bg7 6. c3 e6 7. Bf4 Bh6 8. Qd2
Bxf3 9. Bxf3 Bxf4 10. Qxf4 Qe7 11. Nd2 O-O-O 12. Nb3 b6 13. e4 g5 14. Qe3 h5
15. exd5 exd5 16. Qd3 g4 17. Bg2 h4 18. Qf5+ Qe6 19. Qxe6+ fxe6 20. Rae1 Kd7
21. Re3 Re8 22. Rfe1 Nh6 23. h3 Nf5 24. Rd3 gxh3 25. Bxh3 hxg3 26. Bxf5 exf5
27. Rxe8 Rxe8 28. fxg3 Re2 29. Rd2 Rxd2 30. Nxd2 Na5 31. Kf2 Nc4 32. Nxc4 dxc4
33. Kf3 Ke6 34. Kf4 Kf6 35. d5 b5 36. b3 cxb3 37. axb3 a5 38. Ke3 Ke5 39. c4 a4
40. bxa4 bxa4 41. Kd3 a3 42. Kc2 Kd4 43. Kb3 a2 44. Kxa2 Kxc4 45. Kb2 Kxd5 46.
Kc3 c5 47. Kd3 c4+ 48. Kc3 Ke4 49. Kxc4 Kf3 50. Kd3 Kxg3 51. Ke2 f4 52. Kf1 Kf3
53. Ke1 Kg2 54. Ke2 f3+ 0-1

[Event "East Lansing (MOR/6)"]
[Site "?"]
[Date "1991.??.??"]
[Round "?"]
[White "Neely, Richard"]
[Black "Smith, Lester"]
[Result "1-0"]
[WhiteElo "1605"]
[BlackElo "1605"]
[PlyCount "79"]
[EventDate "1991.??.??"]

1. Nf3 Nc6 2. d4 d5 3. g3 Bf5 4. Bg2 e6 5. O-O Nf6 6. Bf4 Bd6 7. Bxd6 cxd6 8.
Nbd2 O-O 9. Re1 Rc8 10. c4 dxc4 11. Nxc4 Nb4 12. Ne3 Nc2 13. Nxc2 Rxc2 14. e4
Bxe4 15. Rxe4 Rxb2 16. Re2 Qb6 17. Rxb2 Qxb2 18. Qb1 Qc3 19. Qc1 Qa5 20. Qb2 b6
21. Rc1 h6 22. Nd2 b5 23. h3 Qa4 24. a3 Rb8 25. Qb4 Qa6 26. Rc6 Qb7 27. Qxd6
Ne8 28. Qb4 Qd7 29. Ne4 Nc7 30. Nc5 Qd8 31. Qa5 Nd5 32. Qxa7 Ra8 33. Qb7 Rb8
34. Qa6 Ne7 35. Rd6 Qc7 36. Rd7 Qc8 37. Rxe7 Qf8 38. Qa7 Rd8 39. Bc6 Rxd4 40.
Re8 1-0

[Event "East Lansing (MOR/4)"]
[Site "?"]
[Date "1991.??.??"]
[Round "?"]
[White "Neely, Richard"]
[Black "Shoulders, C."]
[Result "1-0"]
[WhiteElo "1605"]
[BlackElo "1605"]
[PlyCount "62"]
[EventDate "1991.??.??"]

1. d4 Nf6 2. Nf3 d5 3. g3 e6 4. Bg2 c6 5. Bf4 Be7 6. O-O h6 7. Nbd2 O-O 8. Re1
Nbd7 9. a3 Re8 10. c4 Bf8 11. e4 e5 12. Nxe5 Nxe5 13. Bxe5 Nxe4 14. Nxe4 dxe4
15. Rxe4 Bd6 16. Bxd6 Rxe4 17. Bxe4 Qxd6 18. Qd3 g6 19. b4 Be6 20. d5 Bf5 21.
Bxf5 gxf5 22. Qxf5 Re8 23. Qf3 Re5 24. Rd1 Qe7 25. d6 Re1+ 26. Kg2 Qe2 27. Qxe2
Rxe2 28. d7 Kf8 29. d8=Q+ Re8 30. Qd4 b6 31. Qh8+ Ke7 1-0

[Event "East Lansing (MOR/5)"]
[Site "?"]
[Date "1991.??.??"]
[Round "?"]
[White "Munger, Larry"]
[Black "Tanner, S."]
[Result "0-1"]
[WhiteElo "1720"]
[BlackElo "1645"]
[PlyCount "79"]
[EventDate "1991.??.??"]

1. e4 c5 2. d3 Nc6 3. g3 Nf6 4. Bg2 e6 5. Nf3 d5 6. Nbd2 dxe4 7. dxe4 e5 8. O-O
Bg4 9. c3 Qc7 10. Qb3 Be7 11. h3 Be6 12. Qc2 h6 13. b3 b5 14. Nh4 a5 15. Nf5
Bxf5 16. exf5 Rd8 17. Ne4 Nd5 18. Be3 b4 19. Bxc5 Bxc5 20. Nxc5 Nxc3 21. Ne4
Nd4 22. Qb2 Nxf5 23. Nxc3 Qxc3 24. Qe2 O-O 25. Qb5 Rd2 26. g4 Nh4 27. Qxa5 Nxg2
28. Kxg2 e4 29. Rae1 e3 30. Qb5 Rxa2 31. Re2 Rxe2 32. Qxe2 exf2 33. Rxf2 Qxb3
34. Rf3 Qd5 35. Qb2 Rb8 36. Kg3 b3 37. Kf2 Qc5+ 38. Re3 Qc2+ 39. Re2 Rc8 40.
Rxc2 0-1

[Event "East Lansing (MOR/3)"]
[Site "?"]
[Date "1991.??.??"]
[Round "?"]
[White "Munger, Larry"]
[Black "Pope, Nick"]
[Result "0-1"]
[WhiteElo "1720"]
[BlackElo "1610"]
[PlyCount "96"]
[EventDate "1991.??.??"]

1. e4 e5 2. d3 d5 3. Nd2 d4 4. Ngf3 Nc6 5. c3 Bg4 6. Be2 Bc5 7. O-O Qd7 8. b4
dxc3 9. bxc5 cxd2 10. Bxd2 Bxf3 11. gxf3 Nd4 12. f4 Nxe2+ 13. Qxe2 O-O-O 14.
fxe5 Qxd3 15. Qg4+ Kb8 16. Rfd1 Qd7 17. Qxg7 Ne7 18. Bh6 Qxd1+ 19. Rxd1 Rxd1+
20. Kg2 Rg8 21. Qxg8+ Nxg8 22. Bg5 Kc8 23. Kg3 Kd7 24. f4 h6 25. Bh4 Ra1 26. f5
Rxa2 27. f6 Rc2 28. c6+ Rxc6 29. Kf4 Ke6 30. Ke3 a5 31. Be1 a4 32. Kd3 a3 33.
Bc3 a2 34. Ba1 Rc1 35. Bb2 a1=Q 36. Bxa1 Rxa1 37. h4 Kxe5 38. h5 Nxf6 39. Kc3
Kxe4 40. Kc4 Rc1+ 41. Kb3 Kd4 42. Kb2 Rc6 43. Kb3 Nxh5 44. Kb2 Kd3 45. Kb3 Rb6+
46. Ka2 Kc3 47. Ka1 Kc2 48. Ka2 Ra6# 0-1

[Event "East Lansing (MOR/1)"]
[Site "?"]
[Date "1991.??.??"]
[Round "?"]
[White "Munger, Larry"]
[Black "Hill, Brent"]
[Result "1-0"]
[WhiteElo "1720"]
[BlackElo "1605"]
[PlyCount "123"]
[EventDate "1991.??.??"]

1. e4 c6 2. d3 d5 3. Nd2 Nf6 4. g3 e6 5. Bg2 c5 6. Ngf3 Nc6 7. O-O Bd6 8. c3
O-O 9. Re1 Nd7 10. exd5 exd5 11. Nb3 Nf6 12. d4 c4 13. Nbd2 Bf5 14. Ne5 Re8 15.
Ndf3 Ne4 16. Bf4 Nxe5 17. Nxe5 f6 18. Ng4 Bxf4 19. gxf4 Re6 20. Ne3 Bg6 21. f5
Bxf5 22. Nxf5 g6 23. Ne3 Qd6 24. Nxc4 Qf4 25. Bxe4 dxe4 26. Re3 f5 27. Qe2 g5
28. f3 exf3 29. Qxf3 Rxe3 30. Qxe3 Qxe3+ 31. Nxe3 f4 32. Ng4 h5 33. Ne5 Kg7 34.
Kf2 g4 35. Rg1 Kf6 36. Nxg4+ hxg4 37. Rxg4 Kf5 38. Kf3 Rh8 39. h4 Re8 40. Rxf4+
Ke6 41. Re4+ Kd7 42. Rxe8 Kxe8 43. Kf4 Ke7 44. Ke5 Kd7 45. Kf6 Kd6 46. h5 a5
47. h6 Kd5 48. h7 Kc4 49. h8=Q a4 50. Qh7 Kd5 51. Qd3 b5 52. Kf5 a3 53. Qxb5+
Kd6 54. b3 Kc7 55. Qa6 Kd7 56. Kf6 Kc7 57. Ke6 Kb8 58. Qc6 Ka7 59. Kd7 Kb8 60.
Qb5+ Ka7 61. Kc7 Ka8 62. Qa6# 1-0

[Event "East Lansing (MOR/7)"]
[Site "?"]
[Date "1991.??.??"]
[Round "?"]
[White "Munger, Larry"]
[Black "Benjamin, H."]
[Result "0-1"]
[WhiteElo "1720"]
[BlackElo "1615"]
[PlyCount "156"]
[EventDate "1991.??.??"]

1. e4 c5 2. d3 Nc6 3. g3 d6 4. Bg2 e5 5. Nf3 Nf6 6. c3 a5 7. a4 Rb8 8. Na3 Na7
9. c4 Nc6 10. Nb5 Bg4 11. Be3 Qd7 12. O-O b6 13. Qd2 h6 14. Nh4 Ne7 15. f4 Nc6
16. Rf2 Be7 17. Raf1 Kd8 18. f5 Nd4 19. Bxd4 cxd4 20. b3 Nh7 21. f6 Bxf6 22.
Nf5 Bxf5 23. Rxf5 Bg5 24. Qe2 f6 25. Bh3 Qe7 26. Kh1 Nf8 27. Qe1 Ne6 28. Qe2
Nc5 29. Rb1 g6 30. Rf3 h5 31. Qc2 h4 32. g4 Bf4 33. b4 axb4 34. Rxb4 Ra8 35.
Qd1 Ke8 36. Nxd4 Qb7 37. Nb5 Ke7 38. Nc3 Ne6 39. Nd5+ Kf7 40. Qa1 Rhb8 41. Rf2
Qc6 42. Rfb2 Nc5 43. Qf1 Rxa4 44. Nxf4 exf4 45. Qxf4 Nxd3 46. Qh6 Qxe4+ 47. Kg1
Qe1+ 48. Kg2 Rxb4 49. Qh7+ Ke6 50. g5+ Ke5 51. Qe7+ Kd4 52. Qxf6+ Qe5 53. Rxb4
Qxf6 54. gxf6 Nxb4 55. Kf3 Kxc4 56. Kg4 Nd5 57. Kg5 Rf8 58. Be6 Kd4 59. f7 Ke5
60. Bxd5 Kxd5 61. Kf6 b5 62. Ke7 Ra8 63. f8=Q Rxf8 64. Kxf8 Ke5 65. Kg7 g5 66.
Kh6 Kf5 67. Kh5 d5 68. h3 d4 69. Kh6 d3 70. Kh5 d2 71. Kh6 b4 72. Kh5 d1=Q+ 73.
Kh6 b3 74. Kh7 Qd6 75. Kg7 b2 76. Kh7 b1=Q 77. Kg8 Qb7 78. Kh8 Qd8# 0-1

[Event "East Lansing (MOR/3)"]
[Site "?"]
[Date "1991.??.??"]
[Round "?"]
[White "Mose, Greg"]
[Black "Solski, Jeff"]
[Result "1-0"]
[WhiteElo "1665"]
[BlackElo "1605"]
[PlyCount "43"]
[EventDate "1991.??.??"]

1. e4 d6 2. d4 Nf6 3. Nc3 g6 4. Nf3 Bg7 5. e5 dxe5 6. dxe5 Qxd1+ 7. Nxd1 Nd5 8.
Bc4 Nb4 9. Bb3 Be6 10. Ba4+ N8c6 11. a3 b5 12. axb4 Nxb4 13. Bxb5+ c6 14. Bd3
Rd8 15. Rxa7 Nxd3+ 16. cxd3 Rxd3 17. Ra8+ Kd7 18. Rxh8 Bxh8 19. O-O Bg4 20. Ne3
Kc7 21. Ng5 Bxe5 22. Nxg4 1-0